000 00813cam a2200229 4500
008 090401t1997 xxu||||| |||| 00| 0 eng d
020 _a1900858169
035 _a(Sirsi) u80594
041 _aeng
110 _aBuilding Maintenance Information
_93229
245 _aRehabilitation costs.
260 _aKingston upon Thames
_bBuilding Maintenance Information Ltd
_c1997
300 _a12p. ; 30cm.
350 _a0
490 _aSerial
_v262
520 _aThis item is part of a subscription service and cannot be photocopied. Neither can any part of it be read out over the phone. Please contact BMI direct on 0171-222-7000 for details.
650 _aBUILT ENVIRONMENT-BUILDING COSTS
650 _aREHABILITATION COSTS
690 _aBUILT ENVIRONMENT-BUILDING COSTS
942 _n0
948 _c01/09/1997
999 _c96623
_d96623